Complete the Romance movie title p1 - Statistics

General Stats
  • This quiz has been taken 206 times
  • The average score is 10 of 14
Answer Stats
Hint Answer % Correct
10 things I ____ about you Hate
98%
Fifty ______ of Grey Shades
98%
____ Actually Love
97%
Mr and ___ Smith Mrs
95%
13 going on __ 30
93%
No _______ Attached Strings
80%
__ Dresses 27
76%
My Big Fat _____ Wedding Greek
70%
Four Weddings and a _______ Funeral
66%
Tall ____ Girl
56%
Me ______ You Before
55%
If ____ Only
44%
Past _____ Lives
30%
The first ____ Time
24%
No matching quizzes found
Score Distribution
Percent of People with Each Score
Percentile by Number Answered
Your Score History
You have not taken this quiz